Normal view
MARC view
Entry Personal Name
001 - CONTROL NUMBER
- control field: 1060215
003 - CONTROL NUMBER IDENTIFIER
- control field: OSt
005 - DATE AND TIME OF LATEST TRANSACTION
- control field: 20260121170131.0
008 - FIXED-LENGTH DATA ELEMENTS
- fixed length control field: 260121|| aca||aabn | a|a d
040 ## - CATALOGING SOURCE
- Original cataloging agency: OSt
- Transcribing agency: OSt
100 ## - HEADING--PERSONAL NAME
- Personal name: Anthony A. Piña, Victoria L. Lowell, Bruce R. Harris
670 ## - SOURCE DATA FOUND
- Source citation: Work cat.: (OSt)1625944: Anthony A. Piña, Victoria L. Lowell, Bruce R. Harris, Leading and Managing e-Learning
